000 00272nam a22000977a 4500
008 180205b xxu||||| |||| 00| 0 eng d
100 _aArnold, Edmund
245 _aInk on Paper 2: Handbook of the Graphic Arts
260 _aNew York
_bHarper & Row
_c1972
650 _aGraphic arts
999 _c2610
_d2610